000 00520nam a2200145Ia 4500
008 151213s9999 xx 000 0 und d
100 _aুদিলওয়ার হাসান।
245 _aআদিম সৈকতে।
_cুদিলওয়ার হাসান।
260 _aঢাকা
_bকাশবন প্রকাশন।
_c2000
300 _a8780 p.
650 _aBangla
650 _aগল্পগ্রন্থ
700 _aুদিলওয়ার হাসান।
999 _c4565
_d4565